000 01185nam a22003017a 4500
005 20240530110416.0
008 150304s2003 su o g 000 0 ara d
017 _a2196/1424
_bالسعودية . مكتبة الملك فهد
020 _a8484630145
040 _aEG-CaGPL
041 0 _aara
082 0 4 _221
_a355.8\
_bم أ
100 1 _aاس ، دارا اديشونز ليما
_qدارا ايشونز ليما اس
245 1 0 _aاسلحة الاقتحام و الدقة /
_cتاليف دارا اديشونز ليما ؛ تعريب محمد صالحى ، سعيد سبيعة
250 _aط1
260 _aالسعودية :
_bمكتبة العبيكان ،
_c2003
300 _a95 ص :
_bصور لو ؛
_c32 سم
490 0 _aالاسلحة والامداد ،
_x9960403491
650 0 4 _aالمعدات العسكرية
650 0 4 _aالاسلحة العسكرية
650 0 4 _aالاسلحة والتسليح
650 0 4 _aالمسدسات
650 0 4 _aالعلوم الحربية
700 0 _aمحمد صالحى
_eمترجم
700 0 _aسعيد سبيعة
_eمترجم مشارك
942 _2ddc
_cBK
999 _c60551
_d60551